Bodyworks / (Record no. 4059)
[ view plain ]
| 000 -LEADER | |
|---|---|
| fixed length control field | 01075nam a22002177a 4500 |
| 001 - CONTROL NUMBER | |
| control field | 4059 |
| 003 - CONTROL NUMBER IDENTIFIER | |
| control field | FISKH |
| 005 - DATE AND TIME OF LATEST TRANSACTION | |
| control field | 20240905104917.0 |
| 008 - FIXED-LENGTH DATA ELEMENTS--GENERAL INFORMATION | |
| fixed length control field | 240604b cb ||||| |||| 00| 0 eng d |
| 020 ## - INTERNATIONAL STANDARD BOOK NUMBER | |
| International Standard Book Number | 9781607101154 |
| 040 ## - CATALOGING SOURCE | |
| Original cataloging agency | FISKH |
| Language of cataloging | eng |
| Transcribing agency | FISKH |
| Modifying agency | FISKH |
| 050 ## - LIBRARY OF CONGRESS CALL NUMBER | |
| Classification number | PZ7 |
| 082 ## - DEWEY DECIMAL CLASSIFICATION NUMBER | |
| Classification number | 500 |
| 100 ## - MAIN ENTRY--PERSONAL NAME | |
| Personal name | Graham, Nick |
| 245 ## - TITLE STATEMENT | |
| Title | Bodyworks / |
| Statement of responsibility, etc. | Written by Dr. Nick Graham & Richard Walker |
| 300 ## - PHYSICAL DESCRIPTION | |
| Extent | 51 pages : |
| Other physical details | color illustrations ; |
| Dimensions | 25 cm |
| 520 ## - SUMMARY, ETC. | |
| Summary, etc. | Each book in the Interactive Explorer series tackles a popular subject-the human body, oceans and rain forests, the animal kingdom, or weather and space-with a hands-on twist. With pulltabs that bring movement to the pages, flaps that reveal interesting facts, wheels that turn, die-cut windows that showcase incredible ideas, and acetate pages with dual layers, young readers will be fully engaged.From bones to blood, skin to saliva, kids can learn how every part of the body plays a role in keeping things running smoothly! |
| 700 ## - ADDED ENTRY--PERSONAL NAME | |
| Personal name | Walker, Richard |
| Relator term | Author |
| 942 ## - ADDED ENTRY ELEMENTS (KOHA) | |
| Source of classification or shelving scheme | Dewey Decimal Classification |
| Koha item type | Books |
| Suppress in OPAC | No |
| Withdrawn status | Lost status | Source of classification or shelving scheme | Damaged status | Not for loan | Collection | Home library | Current library | Shelving location | Date acquired | Total Checkouts | Full call number | Barcode | Date last seen | Date last checked out | Copy number | Price effective from | Koha item type |
|---|---|---|---|---|---|---|---|---|---|---|---|---|---|---|---|---|---|
| Dewey Decimal Classification | Non-Fiction | Footprints International School Library Network Toul Kork Campus | Footprints International School Library Network Toul Kork Campus | A TK Campus, 4th Floor, Room B401, Non-Fiction Bookcases(7-8) | 06/04/2024 | 2 | GRA 500 PZ7 | 2024-0793 | 07/01/2024 | 06/13/2024 | 1 | 06/04/2024 | Books | ||||
| Dewey Decimal Classification | Non-Fiction | Footprints International School Library Network Toul Kork Campus | Footprints International School Library Network Toul Kork Campus | A TK Campus, 4th Floor, Room B401, Non-Fiction Bookcases(7-8) | 06/04/2024 | GRA 500 PZ7 | 2024-1887 | 09/05/2024 | 2 | 06/04/2024 | Books |
